All Incorporated Municipalities of Lehigh County, Pennsylvania - Statistics

General Stats
  • This quiz has been taken 17 times
  • The average score is 13 of 25
Answer Stats
Answer % Correct
Allentown
100%
Bethlehem
100%
Emmaus
88%
Lower Macungie
75%
Upper Macungie
75%
Whitehall
63%
Alburtis
50%
Coopersburg
50%
Coplay
50%
Lynn
50%
Macungie
50%
North Whitehall
50%
Slatington
50%
South Whitehall
50%
Fountain Hill
38%
Hanover
38%
Heidelberg
38%
Lower Milford
38%
Lowhill
38%
Upper Milford
38%
Washington
38%
Weisenberg
38%
Catasauqua
25%
Salisbury
25%
Upper Saucon
25%
No matching quizzes found
Score Distribution
Percent of People with Each Score
Percentile by Number Answered
Your Score History
You have not taken this quiz